Étude sur les changements phonétiques et leurs caractères généraux (Record no. 161505)
[ view plain ]
| 000 -LEADER | |
|---|---|
| campo de control de longitud fija | 00735nam a22001815i 4500 |
| 001 - NÚMERO DE CONTROL | |
| campo de control | 161505 |
| 003 - IDENTIFICADOR DE NÚMERO DE CONTROL | |
| campo de control | ES-MaACL |
| 005 - FECHA Y HORA DE LA ÚLTIMA TRANSACCIÓN | |
| campo de control | 20230906212312.0 |
| 008 - DATOS DE LONGITUD FIJA--INFORMACIÓN GENERAL | |
| campo de control de longitud fija | 961002s1890 fr |||| | fre d |
| 040 ## - FUENTE DE CATALOGACIÓN | |
| Centro catalogador/agencia de origen | CLM |
| Lengua de catalogación | spa |
| Centro/agencia transcriptor | CLM |
| 100 1# - ENTRADA PRINCIPAL--NOMBRE DE PERSONA | |
| Nombre de persona | Passy, Paul ( |
| Fechas asociadas al nombre | 1859-1940) |
| 9 (RLIN) | 130887 |
| 245 10 - MENCIÓN DEL TÍTULO | |
| Título | Étude sur les changements phonétiques et leurs caractères généraux |
| Resto del título | : thèse pour le doctorat, présentée à la Faculté des lettres de Paris / |
| Mención de responsabilidad, etc. | par Paul Passy. |
| 260 ## - PUBLICACIÓN, DISTRIBUCIÓN, ETC. | |
| Lugar de publicación, distribución, etc. | Paris : |
| Nombre del editor, distribuidor, etc. | Firmin-Didot, |
| Fecha de publicación, distribución, etc. | 1890 ( |
| Fabricante | Imp. Vve Lievens & Fils) |
| 300 ## - DESCRIPCIÓN FÍSICA | |
| Extensión | 270 p. ; |
| Dimensiones | 22 cm. |
| 500 #1 - NOTA GENERAL | |
| Nota general | Tesis-Facult des Lettres de Paris. |
| 650 #4 - PUNTO DE ACCESO ADICIONAL DE MATERIA--TÉRMINO DE MATERIA | |
| Término de materia o nombre geográfico como elemento de entrada | Lengua francesa- |
| Subdivisión general | Fonética. |
| 9 (RLIN) | 141023 |
| 852 ## - LOCALIZACIÓN | |
| Ubicación | ES-MaACL |
| Número de control de estantería | D-4119 |
| Nota libre | -- Enc. hol. conservando la cub. original |
| Estatus retirado | Estado de pérdida | Estado de daño | No para préstamo | Colección | Biblioteca de origen | Biblioteca actual | Ubicación en estantería | Fecha de adquisición | Fuente de adquisición | Total de préstamos | Signatura topográfica completa | Código de barras | Visto por última vez | Precio de reemplazo | Tipo de ítem Koha |
|---|---|---|---|---|---|---|---|---|---|---|---|---|---|---|---|
| Libros del s. XIX | Biblioteca del Ateneo de Madrid | Biblioteca del Ateneo de Madrid | Sala Valle Inclán | 17/01/2008 | D-4119 | 901169172 | 23/02/2023 | 23/02/2023 | Libro impreso antiguo |
